| 000 | 00900nam a2200157 a 4500 | ||
|---|---|---|---|
| 008 | 120416s1964 xx |||||||||||||| || u | ||
| 050 | _aNA 9050 Cur | ||
| 100 | _aCurran, Raymond | ||
| 245 | 1 | 0 | _aArchitecture and the urban experience |
| 260 | _c[1964] | ||
| 350 | _a0.00 | ||
| 995 |
_aMAIN LIBRARY OPEN ACCESS _D0.00 _e718852 _FCBU-MAIN LIBRARY (Kitwe) _H2 _I0.00 _jNA 9050 Cur _UAVAILABLE _y010658 _ZMain Library Open Access Collection |
||
| 995 |
_aANNEX COLLECTION (Main Library) _D0.00 _e718853 _FCBU-MAIN LIBRARY (Kitwe) _H1 _I0.00 _jNA 9050 Cur _UAVAILABLE _y010655 _ZAnnex Low-Usage Collection |
||
| 995 |
_aANNEX COLLECTION (Main Library) _D0.00 _e718855 _FCBU-MAIN LIBRARY (Kitwe) _H4 _I0.00 _jNA 9050 Cur _UAVAILABLE _y010657 _ZAnnex Low-Usage Collection |
||
| 995 |
_aMAIN LIBRARY OPEN ACCESS _D0.00 _e718854 _FCBU-MAIN LIBRARY (Kitwe) _H3 _I0.00 _jNA 9050 Cur _UAVAILABLE _y010656 _ZMain Library Open Access Collection |
||
| 999 |
_c84347 _d84347 |
||